Normal view
MARC view
Entry Personal Name
001 - CONTROL NUMBER
- control field: 163910
003 - CONTROL NUMBER IDENTIFIER
- control field: OSt
005 - DATE AND TIME OF LATEST TRANSACTION
- control field: 20220923215717.0
008 - FIXED-LENGTH DATA ELEMENTS
- fixed length control field: 220923|| aca||aabn | a|a d
040 ## - CATALOGING SOURCE
- Original cataloging agency: OSt
- Transcribing agency: OSt
100 ## - HEADING--PERSONAL NAME
- Personal name: अश्क, चम्पालाल चौरोडिया
670 ## - SOURCE DATA FOUND
- Source citation: Work cat.: (OSt)334460: अश्क, चम्पालाल चौरोडिया, ज़िन्दगी की तलाश, संपा चन्द्र कुमार 'सुकुमार', 1994
